000 00872nam a2200157 i 4500
001 189344
003 ES-MaACL
005 20230906223442.0
008 190524s1883 sp |||| | spa d
100 1 _aBasilio y Trías, Adolfo.
_9167118
245 1 0 _aMemoria acerca de las minas de plomo argentífero y de zinc Iberia, Montserrat, María de los Ángeles y Santa Catalina, situadas en el Cabezo de la Raja, Sierra de Cartagena /
_cpor Adolfo Basilio y Trías.
260 _aCartagena :
_b[s.n.],
_c1883 (
_fImp. y Librería de Hipólito García)
300 _a74 p., [4] h. pleg. de planos ;
_c21 cm.
650 4 _aMinas-
_zMurcia (Comunidad Autónoma)
_9172990
852 _aES-MaACL
_jB-8926(19)
_z- Legado de Federico de Botella y de Hornos
_z- Encuadernado en un vol. facticio agrupado con el nombre en el lomo: España, geología, memorias y documentos varios 20 al 40
999 _c189344
_d189344